Dots...and lines: (Record no. 59778)

MARC details
000 -LEADER
fixed length control field 00642nam a22001817a 4500
005 - DATE AND TIME OF LATEST TRANSACTION
control field 2011122107087.0
020 ## - INTERNATIONAL STANDARD BOOK NUMBER
International Standard Book Number 8181463684
Terms of availability 200.00
037 ## - SOURCE OF ACQUISITION
Source of stock number/acquisition PUB
100 ## - MAIN ENTRY--PERSONAL NAME
Personal name Bhattacharjee, Tarit
245 ## - TITLE STATEMENT
Title Dots...and lines:
Statement of responsibility, etc by Tarit Bhattacharjee; compiled by Nomita Khatri
Remainder of title a reaching resource for art /
260 ## - PUBLICATION, DISTRIBUTION, ETC. (IMPRINT)
Place of publication, distribution, etc Chennai
Name of publisher, distributor, etc Tulika Publishers
Date of publication, distribution, etc 2008
270 ## - ADDRESS
Address 13, Prithvi Avenue, Abhiramaouram
City Chennai
Postal code 600 018
300 ## - PHYSICAL DESCRIPTION
Extent 103p.
Other physical details ill.
Dimensions 28cm(pbk)
650 ## - SUBJECT ADDED ENTRY--TOPICAL TERM
Topical term or geographic name as entry element Stories
700 ## - ADDED ENTRY--PERSONAL NAME
Personal name Khatri, Nomita
9 (RLIN) 37315
942 ## - ADDED ENTRY ELEMENTS (KOHA)
Source of classification or shelving scheme Dewey Decimal Classification
Item type Children Books
Call number suffix BHA
Holdings
Withdrawn status Lost status Not for loan Home library Current library Date acquired Cost, normal purchase price Full call number Cost, replacement price Koha item type
    Ordered Andrews Gunj Andrews Gunj 21/12/2011 200.00 BHA 200.00 Children Books

© Delhi Public Library
Hit Counter
free hit counter